000 00776cam a2200217 4500
001 WB4023-04
008 040614n2004 000 0 eng u
035 _a(Sirsi) u126471
245 _aProperty lending needs tempering
260 _c2004
490 _aProperty Week
_v69(24) 11 June 2004, 21(1)
520 _aFPDSavills warned that property money lenders should start to excercise caution as rising interest rates close the gap with property yields. The Bank of Scotland has also expressed concerns, particularly over debt-backed private investors.
590 _aWB
590 _aWB
650 _aPROPERTY LENDING
650 _aINTEREST RATES
650 _aPROPERTY YIELDS
650 _aPRIVATE INVESTORS
690 _aCOMMERCIAL PROPERTY
_96227
942 _n0
999 _c117509
_d117509